header

Hegel, Kant and the structure of the object (Record no. 1516)

MARC details
000 -LEADER
fixed length control field 01257nam a2200325Ia 4500
082 04 - DEWEY DECIMAL CLASSIFICATION NUMBER
Classification number 193
100 1# - MAIN ENTRY--AUTHOR NAME
Personal name Stern, Robert,
245 10 - TITLE STATEMENT
Title Hegel, Kant and the structure of the object
260 ## - PUBLICATION, DISTRIBUTION, ETC. (IMPRINT)
Place of publication London ;
-- New York :
Name of publisher Routledge,
Year of publication 1990.
300 ## - PHYSICAL DESCRIPTION
Number of Pages xi, 169 p.
650 #0 - SUBJECT ADDED ENTRY--TOPICAL TERM
Topical Term Philosophy.
856 40 - ELECTRONIC LOCATION AND ACCESS
Uniform Resource Identifier http://site.ebrary.com/lib/rucke/Doc?id=5005050

No items available.

© 2026 Rongo University
Contact us: librarian | system librarian | Rongo university